000 00351nam a2200133Ia 4500
008 240624s9999 xx 000 0 und d
041 _aeng
082 _a384.3 GAL
100 _aGALLAGHER BILLY
245 _aHOW TO TURN DOWN A BILLION DOLLARS THE S
260 _c2018
_aNew York
_bSt. Martin's Press
300 _axi, 287 p.; 23 cm.
365 _c
_b33
999 _c32284
_d32284